Central Library OPAC University of Rajshahi

Discourse on metaphysics / (Record no. 1362)

MARC details
000 -LEADER
fixed length control field 00944cam a22002771 4500
001 - CONTROL NUMBER
control field 1362
003 - CONTROL NUMBER IDENTIFIER
rucl marc code BD-RjUL
005 - DATE AND TIME OF LATEST TRANSACTION
control field 20211208233326.0
008 - FIXED-LENGTH DATA ELEMENTS--GENERAL INFORMATION
fixed length control field 131125r19611953enka 000 0 eng d
035 ## - SYSTEM CONTROL NUMBER
System control number (BD-RjUL)1384
System control number (OCoLC)1370186
040 ## - CATALOGING SOURCE
Original cataloging agency DLC
Transcribing agency FO
Modifying agency OCoLC
-- BD-RjUL
Language of cataloging eng
041 1# - LANGUAGE CODE
Language code of text/sound track or separate title eng
Language code of original fre
082 ## - DEWEY DECIMAL CLASSIFICATION NUMBER
Classification number 110
Edition number 16
Author mark and year LED
100 1# - MAIN ENTRY--PERSONAL NAME
Personal name Leibniz, Gottfried Wilhelm,
Dates associated with a name 1646-1716.
9 (RLIN) 4034
245 00 - TITLE STATEMENT
Title Discourse on metaphysics /
Statement of responsibility, etc. a translation from the French based on the diplomatic edition, by Peter G. Lucas and Leslie Grint.
260 ## - PUBLICATION, DISTRIBUTION, ETC. (IMPRINT)
Place of publication, distribution, etc. [Manchester, Eng.] :
Name of publisher, distributor, etc. Manchester University Press,
Date of publication, distribution, etc. c1953.[reprinted 1961]
300 ## - PHYSICAL DESCRIPTION
Pagination xxix, 63 p. :
Illustrations illus. ;
Size 19 cm.
490 1# - SERIES STATEMENT
Series statement Philosophical classics
Volume/sequential designation [2]
650 #0 - SUBJECT ADDED ENTRY--TOPICAL TERM
Topical term or geographic name as entry element Metaphysics.
9 (RLIN) 2787
830 #0 - SERIES ADDED ENTRY--UNIFORM TITLE
Volume number/sequential designation 2.
Uniform title Philosophical classics (Manchester, Eng.) ;
942 ## - ADDED ENTRY ELEMENTS (KOHA)
Source of classification or shelving scheme Dewey Decimal Classification
Koha item type Books
Holdings
Lost status Source of classification or shelving scheme Damaged status Not for loan Collection code Permanent Location Current Location Shelving location Date acquired Source of acquisition Cost, normal purchase price Total Checkouts Full call number Date last seen Copy number Koha item type
  Dewey Decimal Classification   Not For Loan Non-fiction Central Library, University of Rajshahi Central Library, University of Rajshahi Reading Room 20/02/1963 Zeitlinger 7.00   110 LED 1961 25/11/2013 C-1 Books
  Dewey Decimal Classification     Non-fiction Central Library, University of Rajshahi Central Library, University of Rajshahi   20/02/1963 Zeitlinger 7.00   110 LED 1953 25/11/2013 C-2 Books